Library Logo

Pioneer International University Library Catalogue

Biochemistry / (Record no. 1164)

MARC details
000 -LEADER
fixed length control field 00688cam a22002054a 4500
005 - DATE AND TIME OF LATEST TRANSACTION
control field 20250901165247.0
008 - FIXED-LENGTH DATA ELEMENTS--GENERAL INFORMATION
fixed length control field 050902s2007 nyuab b 001 0 eng
010 ## - LIBRARY OF CONGRESS CONTROL NUMBER
LC control number 2005052751
020 ## - INTERNATIONAL STANDARD BOOK NUMBER
International Standard Book Number 0716787245
020 ## - INTERNATIONAL STANDARD BOOK NUMBER
International Standard Book Number 9780716787242
050 00 - LIBRARY OF CONGRESS CALL NUMBER
Classification number QP514.2
Item number .S66 2007
082 00 - DEWEY DECIMAL CLASSIFICATION NUMBER
Classification number 572
Edition information 22
100 1# - MAIN ENTRY--PERSONAL NAME
Personal name Berg, Jeremy M.
Fuller form of name (Jeremy Mark),
Dates associated with a name 1958-
245 10 - TITLE STATEMENT
Title Biochemistry /
Statement of responsibility, etc. Jeremy M. Berg, John L. Tymoczko, Lubert Stryer.
250 ## - EDITION STATEMENT
Edition statement 6th ed.
260 ## - PUBLICATION, DISTRIBUTION, ETC.
Place of publication, distribution, etc. New York :
Name of publisher, distributor, etc. W.H. Freeman,
Date of publication, distribution, etc. c2007.
300 ## - PHYSICAL DESCRIPTION
Extent 1 v. (various pagings) :
Other physical details ill. (some col.), col. maps ;
Dimensions 29 cm.
500 ## - GENERAL NOTE
General note Rev. ed. of: Biochemistry / Lubert Stryer.
942 ## - ADDED ENTRY ELEMENTS (KOHA)
Source of classification or shelving scheme Library of Congress Classification
Classification part QP514.2 .B47 2006
Holdings
Withdrawn status Lost status Source of classification or shelving scheme Damaged status Not for loan Home library Current library Shelving location Date acquired Total checkouts Full call number Barcode Date last seen Price effective from Koha item type
    Library of Congress Classification     Main Library Main Library   03/01/2021   QP514.2 .S66 2007 PIU0000240 03/01/2021 03/01/2021 Books